Wird geladen...
Nellinte geetham /
| 1. Verfasser: | |
|---|---|
| Format: | Printed Book |
| Sprache: | Malayalam |
| Veröffentlicht: |
Kozhikode :
Mathrubhumi ,
2003.
|
| LEADER | 00516nam a2200145Ia 4500 | ||
|---|---|---|---|
| 008 | 150624b xxu||||| |||| 00| | mal d | ||
| 082 | |a 891.4435S | ||
| 100 | |a Savithri Roy | ||
| 245 | |c Savithri Roy |a Nellinte geetham / | ||
| 260 | |a Kozhikode : |b Mathrubhumi , |c 2003. | ||
| 300 | |a 551 p. | ||
| 546 | |a In Malayalam. | ||
| 942 | |c BK | ||
| 999 | |c 85162 |d 85162 | ||
| 952 | |0 0 |1 0 |4 0 |6 891_000000000000000_4435S_NEL |7 0 |9 85106 |a UL |b UL |c ST1 |d 2005-11-28 |e MAT |l 9 |m 1 |o 891.4435S NEL |p 79522 |r 2018-09-14 |s 2018-07-17 |v 165.00 |w 2012-10-27 |y BK |z | ||